El anticuario

Uloženo v:
Podrobná bibliografie
Hlavní autor: Scott, Walter (Autor)
Médium: Kniha
Jazyk:španělština
Vydáno: Buenos Aires Selecta 1962
Edice:Colección Clásicos Selectos
Témata:
Tagy: Přidat tag
Žádné tagy, Buďte první, kdo vytvoří štítek k tomuto záznamu!

MARC

LEADER 00000nam a2200000 a 4500
001 UCZ5755
003 CL-VaPUC
008 951124e19620000AG |||||||||||||||||spa|d
082 0 4 |a 823  |b SCO  |2 21 
100 0 |a Scott, Walter  |e author  |9 349934 
245 1 3 |a El anticuario 
300 |a 338 p 
942 |c BK 
945 |d 19951124 00:00:00  |a cmena 
260 |a Buenos Aires  |b Selecta  |c 1962 
650 0 |a Novelas inglesas  |9 265220 
650 0 |a Literatura inglesa  |9 312907 
583 |a last modification  |c 19951124 00:00:00  |k Rodrigo Vera 
490 0 |a Colección Clásicos Selectos 
999 |c 242045  |d 242043 
952 |0 0  |1 0  |4 0  |6 823_000000000000000_SCO_1962  |7 0  |8 P  |9 254744  |a BIBEDU  |b BIBEDU  |c BIBEDU_PB  |d 2019-11-19  |i 1576852  |o 823 SCO 1962  |p 1576852  |r 2024-01-25  |w 2019-11-19  |y BK  |k FIL